Voices of experience : reflections from a Harvard teaching seminar /

Bibliographic Details
Other Authors: Winkelmes, Mary-Ann, 1964-, Wilkinson, James D., 1943-
Format: Book
Language:English
Published: New York : P. Lang, [2001]
Series:Higher ed ; v. 5.
Subjects:

MARC

Tag First Indicator Second Indicator Subfields
LEADER 00000pam a22000004a 4500
001 in00001624821
005 20151023070027.0
008 000107s2001 nyu b 001 0 eng
010 |a  00020593  
020 |a 0820449016 (alk. paper) 
035 |a (OCoLC)ocm43615258 
040 |a DLC  |c DLC  |d UtOrBLW 
042 |a pcc 
049 |a TXAM 
050 0 0 |a LB2331  |b .V63 2001 
082 0 0 |a 378.1/25  |2 21 
245 0 0 |a Voices of experience :  |b reflections from a Harvard teaching seminar /  |c edited by Mary-Ann Winkelmes and James Wilkinson. 
264 1 |a New York :  |b P. Lang,  |c [2001] 
264 4 |c ©2001 
300 |a xv, 131 pages ;  |c 24 cm. 
336 |a text  |b txt  |2 rdacontent 
337 |a unmediated  |b n  |2 rdamedia 
338 |a volume  |b nc  |2 rdacarrier 
490 1 |a Higher ed ;  |v v. 5 
504 |a Includes bibliographical references and index. 
650 0 |a College teaching. 
650 0 |a Teacher-student relationships. 
650 0 |a College teachers. 
700 1 |a Winkelmes, Mary-Ann,  |d 1964- 
700 1 |a Wilkinson, James D.,  |d 1943- 
830 0 |a Higher ed ;  |v v. 5. 
945 |i PromptCat 
948 |a cataloged  |b h  |c 2001/9/24  |d c  |e cmulkey  |f 10:37:44 am 
994 |a 92  |b TXA 
999 |a MARS 
999 f f |s d7b31bf8-4f64-3436-9cee-ecc67a445b71  |i e74978f2-7153-324d-8912-d538d970ac09  |t 0 
952 f f |p normal  |a Texas A&M University  |b College Station  |c Sterling C. Evans Library  |d Evans: Library Stacks  |t 0  |e LB2331 .V63 2001  |h Library of Congress classification  |i unmediated -- volume  |m A14828113442 
998 f f |a LB2331 .V63 2001  |t 0  |l Evans: Library Stacks